NJ Municipalities - Essex County - Statistics

General Stats
  • This quiz has been taken 603 times
  • The average score is 15 of 22
Answers on the Map
Answers color-coded by a green-red scale on the quiz's map according to % correct below.
 
Answer Stats
Answer % Correct
Newark
98%
East Orange
90%
Orange
87%
West Orange
87%
South Orange
86%
Montclair
79%
Irvington
71%
Bloomfield
69%
Caldwell
69%
Livingston Township
69%
Belleville
65%
Maplewood Township
64%
West Caldwell
64%
Verona
63%
Glen Ridge
62%
North Caldwell
62%
Nutley
62%
Millburn Township
59%
Essex Fells
53%
Cedar Grove
52%
Fairfield Township
49%
Roseland
46%
No matching quizzes found
Score Distribution
Percent of People with Each Score
Percentile by Number Answered
Your Score History
You have not taken this quiz